Presidents who Served in World War 2 - Statistics

General Stats
  • This quiz has been taken 77 times
  • The average score is 7 of 8
Answer Stats
Picture Answer % Correct
John F. Kennedy
100%
Richard Nixon
96%
Ronald Reagan
96%
George H.W. Bush
94%
Dwight D. Eisenhower
91%
Jimmy Carter
84%
Lyndon B. Johnson
83%
Gerald Ford
81%
No matching quizzes found
Score Distribution
Percent of People with Each Score
Percentile by Number Answered
Your Score History
You have not taken this quiz